00505nam a22001697a 450000500170000001000170001702000250003403500170005903700190007608200060009510000180010124500450011926000310016427000980019530000320029349000100032520111228110832.0 aB-470781-791 a9788128628856c40.00 aB-470781-791 bBlue Berry/Ven aS aBlyton, Enid  aNoddy and the Goblins /cby Enid Blyton aMumbai bEuro Books c2011 aDani Corporat e Park, First Floor, 158, Vidyanagari Marg, Kalina, SantacruzbMumbaie400098 aunpages bill.c20cm(pbk)  aNody